000 00544nam a2200205Ia 4500
003 OSt
005 20221007112256.0
006 a|||||r|||| 00| 0
007 ta
008 221006b |||||||| |||| 00| 0 eng d
024 _a25,912
037 _cBound Volume
040 _aLCO
_cLCO
_beng
041 _2eng
_aeng
245 0 _aINDIAN SOCIAL LEGAL JOURNAL
260 _aIndia
_bIndian institute of comparative law India
_c2003
490 _v-29 31 (2003- 05)
942 _cCR
999 _c1195475
_d1195475